[Event "London Chess Classic: Blitz A"]
[Site "London"]
[Date "2019.12.08"]
[Round "6"]
[White "Rishi, Thariani"]
[Black "Ratnesan, Ranesh"]
[Result "0-1"]
[WhiteElo "2094"]
[BlackElo "1765"]
[PlyCount "84"]
[EventDate "2019.12.08"]
[EventType "swiss (blitz)"]
[EventRounds "11"]
[EventCountry "ENG"]
[SourceTitle "EXT 2021"]
[Source "ChessBase"]
[SourceDate "2020.10.23"]
[SourceVersion "1"]
[SourceVersionDate "2020.10.23"]
[SourceQuality "1"]

1. e4 c5 2. c3 d5 3. exd5 Qxd5 4. d4 cxd4 5. cxd4 Nc6 6. Nf3 e5 7. Nc3 Bb4 8. Bd2 Bxc3 9. Bxc3 e4 10. Ne5 Nxe5 11. dxe5 Ne7 12. Be2 0-0 13. 0-0 Qe6 14. Qc2 Qg6 15. Rfe1 Nc6 16. Bf1 Bf5 17. Re3 Rac8 18. Qb3 b6 19. Rg3 Qh5 20. e6 Bg6 21. exf7+ Kh8 22. Bc4 Ne7 23. Bb4 Rc7 24. Bc3 Nf5 25. Rh3 Qg5 26. Be5 Re7 27. Qa3 Bxf7 28. Be2 Bg6 29. Rd1 Ref7 30. Bg3 e3 31. f4 Qf6 32. Bd3 Nxg3 33. hxg3 Bxd3 34. Qxd3 h6 35. Qxe3 Re7 36. Qf2 Rfe8 37. Kh2 Re2 38. Qf3 Rxb2 39. a3 Rc2 40. Rh5 Rc3 41. Qb7 Qg6 42. Rdd5 Qxg3+ 0-1

[Event "London Chess Classic: Blitz A"]
[Site "London"]
[Date "2019.12.08"]
[Round "11"]
[White "Rishi, Thariani"]
[Black "Willow, Jonah B"]
[Result "0-1"]
[WhiteElo "2094"]
[BlackElo "2255"]
[PlyCount "140"]
[EventDate "2019.12.08"]
[EventType "swiss (blitz)"]
[EventRounds "11"]
[EventCountry "ENG"]
[SourceTitle "EXT 2021"]
[Source "ChessBase"]
[SourceDate "2020.10.23"]
[SourceVersion "1"]
[SourceVersionDate "2020.10.23"]
[SourceQuality "1"]

1. e4 c5 2. c3 Nf6 3. e5 Nd5 4. d4 cxd4 5. Nf3 Nc6 6. cxd4 g6 7. Bc4 Nb6 8. Bb5 Bg7 9. 0-0 0-0 10. Nc3 d6 11. Re1 Bg4 12. Bxc6 bxc6 13. h3 Bf5 14. Qe2 Qd7 15. Bg5 Rfe8 16. Rad1 h6 17. Bf4 Be6 18. Ne4 Nd5 19. Bc1 Bf5 20. Ng3 Be6 21. Ne4 Rab8 22. b3 a5 23. Ba3 Bf5 24. Ng3 Nc3 25. Qf1 Nxd1 26. Rxd1 a4 27. Nxf5 Qxf5 28. exd6 axb3 29. axb3 exd6 30. Bxd6 Rxb3 31. Qc4 Qd5 32. Qc5 Rb5 33. Qa3 Rb3 34. Qc5 Rb5 35. Qa3 Qb3 36. Qxb3 Rxb3 37. Ne5 Bxe5 38. dxe5 Rc3 39. f4 Rc2 40. f5 gxf5 41. Rf1 Ra8 42. Rxf5 Raa2 43. g4 Rg2+ 44. Kf1 Rh2 45. Kg1 Rxh3 46. Rf6 Rg3+ 47. Kf1 Kg7 48. Rf4 Rh3 49. Kg1 Rg3+ 50. Kf1 Rb3 51. Re4 Kg6 52. Bb4 Rb1+ 53. Be1 c5 54. Rc4 Raa1 55. Re4 c4 56. Rxc4 Rxe1+ 57. Kf2 Rxe5 58. Rc6+ Re6 59. Rc5 Ra2+ 60. Kf3 Raa6 61. Rd5 Rad6 62. Rc5 Rf6+ 63. Kg3 Rd1 64. Rc3 Rg1+ 65. Kh3 Rgf1 66. Kg3 h5 67. gxh5+ Kxh5 68. Rc5+ R1f5 69. Rc4 Rg5+ 70. Kh2 Rh6 0-1

[Event "New Delhi Parsvnath op 10th"]
[Site "New Delhi"]
[Date "2012.01.21"]
[Round "9"]
[White "Rishi, Thariani"]
[Black "Shreyans, K Shah"]
[Result "0-1"]
[WhiteElo "2053"]
[BlackElo "2218"]
[PlyCount "66"]
[EventDate "2012.01.15"]
[EventType "swiss"]
[EventRounds "11"]
[EventCountry "IND"]
[SourceTitle "CBM 146 Extra"]
[Source "ChessBase"]
[SourceDate "2012.02.29"]
[SourceVersion "1"]
[SourceVersionDate "2012.02.29"]
[SourceQuality "1"]

1. e4 e6 2. d4 d5 3. Nd2 a6 4. c3 c5 5. Ngf3 Nf6 6. exd5 exd5 7. dxc5 Bxc5 8. Nb3 Bb6 9. Nbd4 0-0 10. Be2 Nc6 11. h3 Re8 12. Be3 Ne4 13. Qd3 Qf6 14. 0-0-0 Nxd4 15. Nxd4 Nxf2 16. Bxf2 Qxf2 17. Bf3 Re5 18. Rd2 Qh4 19. Rf1 Qe7 20. Rdf2 Qg5+ 21. Rd2 Bd7 22. Bd1 Re3 23. h4 Qe7 24. Nf5 Bxf5 25. Qxf5 Re5 26. Qd3 Be3 27. Bc2 g6 28. Rfd1 Qxh4 29. Kb1 Bxd2 30. Qxd2 Rae8 31. Bb3 Re1 32. Qxd5 Rxd1+ 33. Bxd1 Qe4+ 0-1

[Event "New Delhi Parsvnath op 10th"]
[Site "New Delhi"]
[Date "2012.01.19"]
[Round "7"]
[White "Rishi, Thariani"]
[Black "Gusain, Himal"]
[Result "0-1"]
[WhiteElo "2053"]
[BlackElo "2259"]
[PlyCount "69"]
[EventDate "2012.01.15"]
[EventType "swiss"]
[EventRounds "11"]
[EventCountry "IND"]
[SourceTitle "CBM 146 Extra"]
[Source "ChessBase"]
[SourceDate "2012.02.29"]
[SourceVersion "1"]
[SourceVersionDate "2012.02.29"]
[SourceQuality "1"]

1. e4 c5 2. Nf3 Nc6 3. d4 cxd4 4. Nxd4 e6 5. Nc3 a6 6. a3 Qc7 7. Be3 Nf6 8. Be2 b5 9. f4 b4 10. axb4 Bxb4 11. Bf3 Bb7 12. Nde2 Na5 13. Qd4 Nc4 14. Bf2 Rc8 15. Ra4 Bxc3+ 16. Qxc3 Bxe4 17. Bxe4 Nxe4 18. Qxg7 Nxf2 19. Qxh8+ Ke7 20. Qxh7 Nxh1 21. Qh4+ Kd6 22. Rxa6+ Kc5 23. Qe7+ d6 24. Qxc7+ Rxc7 25. Kf1 Nxb2 26. Kg1 Kd5 27. c3 Ke4 28. Kxh1 Ke3 29. Ra2 Kxe2 30. Rxb2+ Ke3 31. f5 Rxc3 32. Rb1 e5 33. f6 d5 34. Kg1 d4 35. Re1+ 0-1

[Event "New Delhi Parsvnath op 10th"]
[Site "New Delhi"]
[Date "2012.01.15"]
[Round "2"]
[White "Ravichandran, Siddharth"]
[Black "Rishi, Thariani"]
[Result "0-1"]
[WhiteElo "2398"]
[BlackElo "2053"]
[PlyCount "155"]
[EventDate "2012.01.15"]
[EventType "swiss"]
[EventRounds "11"]
[EventCountry "IND"]
[SourceTitle "CBM 146 Extra"]
[Source "ChessBase"]
[SourceDate "2012.02.29"]
[SourceVersion "1"]
[SourceVersionDate "2012.02.29"]
[SourceQuality "1"]

1. d4 d5 2. Nf3 c6 3. Bf4 Bf5 4. e3 e6 5. c4 Bd6 6. Bxd6 Qxd6 7. Nc3 Nd7 8. Qb3 Qc7 9. Rc1 Qb6 10. Qa3 Ne7 11. Be2 Qd8 12. 0-0 0-0 13. b4 a6 14. cxd5 exd5 15. Na4 Nc8 16. Nc5 Nd6 17. Ne5 Nb6 18. Qb3 f6 19. Nf3 Kh8 20. Nd2 Nd7 21. g4 b6 22. Na4 b5 23. gxf5 bxa4 24. Qxa4 Nb6 25. Qc2 Rf7 26. Bd3 Rc7 27. Kh1 Nbc8 28. Nb3 Ne7 29. f3 Qe8 30. e4 Qh5 31. Qg2 Rg8 32. Qg3 Rd7 33. Nc5 Rdd8 34. Ne6 Rd7 35. Nc5 Rdd8 36. Ne6 Rd7 37. Rg1 Qh6 38. Rc2 Qe3 39. Nc5 Rdd8 40. Qf2 Qh6 41. Ne6 Rb8 42. Rg4 g5 43. Qg3 Nf7 44. Qc7 Rge8 45. a3 Rbc8 46. Qd7 a5 47. Kg2 axb4 48. axb4 dxe4 49. Bxe4 Qh5 50. Rg3 Qh4 51. Nc7 Rcd8 52. Qe6 Nd5 53. Qxf7 Rf8 54. Bxd5 Rxf7 55. Bxf7 Qxd4 56. Ne6 Qd1 57. Rxc6 Qe2+ 58. Kh3 Qf1+ 59. Kg4 Rb8 60. b5 Qxb5 61. Rd6 Qe2 62. Kh3 Qf1+ 63. Kg4 Qe2 64. h3 Rb4+ 65. Nd4 Qe7 66. Rd5 Qxf7 67. Rd8+ Kg7 68. f4 h5+ 69. Kf3 Qb7+ 70. Ke3 Kf7 71. fxg5 Qe7+ 72. Ne6 Qa7+ 73. Nd4 Rb3+ 74. Kf2 Rxg3 75. g6+ Ke7 76. Kxg3 Qc7+ 77. Kf3 Qb7+ 78. Ke3 0-1

[Event "IND-ch U19 40th"]
[Site "Puri"]
[Date "2010.10.02"]
[Round "3"]
[White "Udeshi, Aditya"]
[Black "Rishi, Thariani"]
[Result "1-0"]
[WhiteElo "2336"]
[BlackElo "2026"]
[PlyCount "65"]
[EventDate "2010.10.01"]
[EventType "tourn"]
[EventRounds "11"]
[EventCountry "IND"]
[SourceTitle "CBM 138 Extra"]
[Source "ChessBase"]
[SourceDate "2010.10.29"]
[SourceVersion "1"]
[SourceVersionDate "2010.10.29"]
[SourceQuality "1"]

1. e4 e5 2. Nf3 Nc6 3. Bc4 Bc5 4. c3 Nf6 5. d3 a6 6. Bb3 Ba7 7. Nbd2 0-0 8. h3 d5 9. Qe2 dxe4 10. dxe4 h6 11. Nf1 Nh5 12. g3 Nf6 13. g4 Nh7 14. Ng3 Be6 15. Bc2 f6 16. Nf5 b5 17. Bb3 Qd7 18. h4 Kh8 19. Bd2 Rad8 20. Bxe6 Qxe6 21. g5 fxg5 22. hxg5 g6 23. Rxh6 Qf7 24. b3 Ne7 25. 0-0-0 gxf5 26. g6 Nxg6 27. Ng5 Qe7 28. Rxh7+ Qxh7 29. Nxh7 Kxh7 30. Rh1+ Kg7 31. Bh6+ Kf7 32. exf5 Nf4 33. Bxf4 1-0

[Event "IND-ch U15"]
[Site "New Delhi"]
[Date "2010.09.11"]
[Round "10"]
[White "Rishi, Thariani"]
[Black "Sahoo, Utkal Ranjan"]
[Result "1-0"]
[WhiteElo "2026"]
[BlackElo "2213"]
[PlyCount "145"]
[EventDate "2010.09.04"]
[EventType "swiss"]
[EventRounds "11"]
[EventCountry "IND"]
[SourceTitle "CBM 138 Extra"]
[Source "ChessBase"]
[SourceDate "2010.10.29"]
[SourceVersion "1"]
[SourceVersionDate "2010.10.29"]
[SourceQuality "1"]

1. e4 e5 2. Nf3 Nc6 3. Bc4 Bc5 4. 0-0 Nf6 5. d4 Bxd4 6. Nxd4 Nxd4 7. f4 Qe7 8. Na3 0-0 9. fxe5 Qxe5 10. Bf4 Qxe4 11. Bd3 Qd5 12. Be3 c5 13. c3 Re8 14. Qd2 Rxe3 15. Qxe3 Ne6 16. Rf5 Qc6 17. Raf1 d5 18. Qg3 Kf8 19. Nc2 Bd7 20. Ne3 Re8 21. Ng4 Nd8 22. Nxf6 Bxf5 23. Nxe8 Bxd3 24. Qxd3 Qxe8 25. Qxd5 Qe7 26. Rd1 Nc6 27. Qd7 g6 28. Qxe7+ Kxe7 29. Kf2 Ke6 30. h3 f5 31. Ke3 h6 32. b3 g5 33. g3 b6 34. h4 b5 35. hxg5 hxg5 36. Rh1 Ne7 37. c4 bxc4 38. bxc4 Nc8 39. Rh6+ Ke5 40. Rc6 f4+ 41. gxf4+ gxf4+ 42. Kd3 Nb6 43. Rxc5+ Kd6 44. Ra5 Nd7 45. Rxa7 Ne5+ 46. Ke4 Nxc4 47. Kxf4 Kc5 48. Ke4 Kb4 49. Kd4 Nd2 50. a3+ Kb5 51. Kc3 Ne4+ 52. Kc2 Nc5 53. Ra8 Na4 54. Rb8+ Ka5 55. Kb3 Nc5+ 56. Kc4 Nd7 57. Ra8+ Kb6 58. a4 Ne5+ 59. Kb4 Nc6+ 60. Kc3 Ne5 61. Rb8+ Ka6 62. Rb5 Nc6 63. Kc4 Na5+ 64. Kb4 Nc6+ 65. Kc5 Ne5 66. a5 Nf3 67. Rb6+ Ka7 68. Rh6 Kb7 69. Rf6 Ne5 70. Kb5 Ka7 71. Re6 Nd3 72. Re7+ Kb8 73. Kb6 1-0

[Event "IND-ch U15"]
[Site "Mumbai"]
[Date "2009.11.09"]
[Round "11"]
[White "Rishi, Thariani"]
[Black "Das, Sayantan"]
[Result "1/2-1/2"]
[WhiteElo "2036"]
[BlackElo "2294"]
[PlyCount "82"]
[EventDate "2009.11.01"]
[EventType "swiss"]
[EventRounds "11"]
[EventCountry "IND"]
[SourceTitle "EXT 2011"]
[Source "ChessBase"]
[SourceDate "2010.11.26"]
[SourceVersion "1"]
[SourceVersionDate "2010.11.26"]
[SourceQuality "1"]

1. e4 e5 2. Nf3 Nc6 3. Bc4 Nf6 4. d3 Be7 5. Bb3 d6 6. c3 0-0 7. h3 h6 8. 0-0 Na5 9. Bc2 c5 10. Nbd2 Nc6 11. Re1 Re8 12. Nf1 Bf8 13. Ng3 b5 14. d4 Qc7 15. Be3 Rb8 16. Qd2 Na5 17. b3 Nc6 18. d5 Ne7 19. Nh4 g5 20. Nhf5 Ng6 21. Rad1 Nf4 22. c4 bxc4 23. bxc4 Rb4 24. Qc3 Ba6 25. Bb3 Reb8 26. Bd2 Bc8 27. Qf3 R4b7 28. Nf1 Bxf5 29. exf5 Qd7 30. Bc2 a5 31. Ne3 Rb2 32. Bb1 h5 33. Kh2 Bh6 34. Bc3 R2b7 35. Bc2 Kg7 36. Ra1 Rh8 37. Qd1 g4 38. h4 Qd8 39. g3 Nh3 40. Kg2 Kf8 41. Rb1 Rb4 1/2-1/2

[Event "IND-ch U15"]
[Site "Mumbai"]
[Date "2009.11.07"]
[Round "8"]
[White "Navalgund, Niranjan"]
[Black "Rishi, Thariani"]
[Result "1-0"]
[WhiteElo "2174"]
[BlackElo "2036"]
[PlyCount "87"]
[EventDate "2009.11.01"]
[EventType "swiss"]
[EventRounds "11"]
[EventCountry "IND"]
[SourceTitle "EXT 2011"]
[Source "ChessBase"]
[SourceDate "2010.11.26"]
[SourceVersion "1"]
[SourceVersionDate "2010.11.26"]
[SourceQuality "1"]

1. Nf3 d5 2. g3 c6 3. Bg2 Bg4 4. d4 Nd7 5. Nbd2 e6 6. 0-0 Bd6 7. e4 dxe4 8. Nxe4 Be7 9. b3 Ngf6 10. Nxf6+ Bxf6 11. Bb2 0-0 12. h3 Bxf3 13. Qxf3 Qc7 14. Rad1 Rad8 15. Qe4 Nb6 16. c4 Rd7 17. Bc1 Rfd8 18. Bf4 Qc8 19. Be3 c5 20. dxc5 Rxd1 21. cxb6 Rxf1+ 22. Kxf1 axb6 23. Bxb6 Rd1+ 24. Ke2 Qd7 25. Qc2 Ra1 26. Be4 g6 27. Kf3 Rd1 28. Ke2 Ra1 29. Kf3 Be5 30. Kg2 f5 31. Bf3 Bf6 32. b4 g5 33. b5 Be5 34. Qe2 Bc3 35. c5 Re1 36. c6 bxc6 37. bxc6 Qc8 38. Qc4 Rc1 39. Qd3 Bf6 40. Qb5 g4 41. hxg4 fxg4 42. Be4 e5 43. Be3 Rd1 44. Qb3+ 1-0

[Event "IND-ch U17 20th"]
[Site "Chakradharpur"]
[Date "2009.10.14"]
[Round "11"]
[White "Deepak, Katiyar"]
[Black "Rishi, Thariani"]
[Result "1-0"]
[WhiteElo "2145"]
[BlackElo "2007"]
[PlyCount "79"]
[EventDate "2009.10.07"]
[EventType "swiss"]
[EventRounds "11"]
[EventCountry "IND"]
[SourceTitle "CBM 132 Extra"]
[Source "ChessBase"]
[SourceDate "2009.11.03"]
[SourceVersion "1"]
[SourceVersionDate "2009.11.03"]
[SourceQuality "1"]

1. e4 c5 2. Nf3 e6 3. d4 cxd4 4. Nxd4 a6 5. Be2 Nf6 6. Nc3 Qc7 7. 0-0 d6 8. a4 b6 9. f4 Bb7 10. Bf3 Nbd7 11. Re1 Rc8 12. Be3 Be7 13. g4 Nc5 14. Bf2 0-0 15. g5 Ne8 16. Re3 g6 17. h4 e5 18. Nde2 d5 19. exd5 exf4 20. Nxf4 Bd6 21. Ng2 f5 22. Qd2 Nd7 23. Be2 Ne5 24. Rh3 Rd8 25. h5 Bc5 26. Nf4 Ng4 27. Bd4 Ng7 28. h6 Ne8 29. Ne6 Qd6 30. Nxd8 Bxd5 31. Nxd5 Qxd5 32. Rd3 Nd6 33. Bxg4 fxg4 34. Bxc5 Qxc5+ 35. Qe3 Qxe3+ 36. Rxe3 Rxd8 37. Rd1 Kf7 38. Rb3 b5 39. axb5 axb5 40. Rxb5 1-0

[Event "IND-ch U17 20th"]
[Site "Chakradharpur"]
[Date "2009.10.12"]
[Round "8"]
[White "Rishi, Thariani"]
[Black "Priyadharshan, Kannappan"]
[Result "1/2-1/2"]
[WhiteElo "2007"]
[BlackElo "2379"]
[PlyCount "178"]
[EventDate "2009.10.07"]
[EventType "swiss"]
[EventRounds "11"]
[EventCountry "IND"]
[SourceTitle "CBM 132 Extra"]
[Source "ChessBase"]
[SourceDate "2009.11.03"]
[SourceVersion "1"]
[SourceVersionDate "2009.11.03"]
[SourceQuality "1"]

1. e4 c5 2. c3 Nf6 3. e5 Nd5 4. d4 cxd4 5. Nf3 e6 6. cxd4 Nc6 7. a3 d6 8. Bd3 dxe5 9. dxe5 Be7 10. 0-0 g5 11. Bb5 h5 12. Nd4 Bd7 13. Nxc6 bxc6 14. Be2 Qc7 15. Bxh5 Qxe5 16. g3 Qg7 17. Nc3 Nf6 18. Bf3 Qh7 19. Re1 Qxh2+ 20. Kf1 Qh3+ 21. Bg2 Qf5 22. Ne4 Ng4 23. Be3 Rb8 24. b4 Nh2+ 25. Kg1 g4 26. Bc5 Nf3+ 27. Kf1 Qd5 28. Bxf3 gxf3 29. Qxf3 f5 30. Bxe7 Kxe7 31. Ng5 Rbg8 32. Qxd5 cxd5 33. f4 Rh2 34. Rac1 Rgh8 35. Nf3 Ra2 36. Nh4 Kd6 37. Ra1 Rc2 38. Rac1 Ra2 39. Ra1 Rc2 40. Rac1 Rhc8 41. Rcd1 R8c3 42. Re5 Bb5+ 43. Ke1 Bc4 44. Rd2 Rxd2 45. Kxd2 Rxg3 46. Re3 Rg4 47. Nf3 Rxf4 48. Ne5 Bb5 49. Nf7+ Ke7 50. Ng5 Bd7 51. Rh3 Rd4+ 52. Ke3 Rg4 53. Rh7+ Kd6 54. Nf7+ Kc7 55. Kd2 Rd4+ 56. Kc3 Re4 57. Ng5 Rc4+ 58. Kd2 Kc8 59. Nf7 Rc6 60. Ne5 Rc7 61. Rh8+ Kb7 62. Rh6 Bc8 63. Nd3 Kc6 64. Nc5 Kd6 65. Rh8 Ke5 66. Rh6 Rg7 67. Rh8 Rc7 68. Rh6 f4 69. Nd3+ Kf5 70. Rh8 Rc4 71. Rf8+ Kg5 72. Nxf4 Rxf4 73. Rxc8 Rf3 74. Rc6 Kf5 75. Ra6 e5 76. Rxa7 Ke4 77. b5 d4 78. b6 Rb3 79. b7 Rb2+ 80. Kc1 Rb6 81. Kd2 Rb2+ 82. Kc1 Rb6 83. Kd2 Kd5 84. a4 Kc6 85. Ra5 e4 86. Re5 e3+ 87. Kd3 Rb4 88. b8Q Rxb8 89. Kxd4 Rb4+ 1/2-1/2

[Event "IND-ch U17 20th"]
[Site "Chakradharpur"]
[Date "2009.10.12"]
[Round "9"]
[White "Stany, George Anthony"]
[Black "Rishi, Thariani"]
[Result "1-0"]
[WhiteElo "2325"]
[BlackElo "2007"]
[PlyCount "55"]
[EventDate "2009.10.07"]
[EventType "swiss"]
[EventRounds "11"]
[EventCountry "IND"]
[SourceTitle "CBM 132 Extra"]
[Source "ChessBase"]
[SourceDate "2009.11.03"]
[SourceVersion "1"]
[SourceVersionDate "2009.11.03"]
[SourceQuality "1"]

1. e4 c5 2. Nf3 e6 3. b3 d5 4. Bb2 d4 5. c3 dxc3 6. Nxc3 Nc6 7. Bb5 Bd7 8. 0-0 a6 9. Bxc6 Bxc6 10. d4 Nf6 11. d5 exd5 12. exd5 Nxd5 13. Re1+ Be7 14. Nxd5 Bxd5 15. Qe2 Be6 16. Bxg7 Rg8 17. Be5 Qb6 18. Rad1 Rd8 19. Qe4 Rxd1 20. Rxd1 Qc6 21. Qxh7 f6 22. Bg3 b5 23. Nh4 c4 24. Ng6 Bb4 25. Bc7 Bd5 26. Re1+ Be6 27. Qxg8+ Kd7 28. Qd8# 1-0

[Event "IND-ch U17 20th"]
[Site "Chakradharpur"]
[Date "2009.10.08"]
[Round "3"]
[White "Himal, Guasain"]
[Black "Rishi, Thariani"]
[Result "1-0"]
[WhiteElo "2255"]
[BlackElo "2007"]
[PlyCount "75"]
[EventDate "2009.10.07"]
[EventType "swiss"]
[EventRounds "11"]
[EventCountry "IND"]
[SourceTitle "CBM 132 Extra"]
[Source "ChessBase"]
[SourceDate "2009.11.03"]
[SourceVersion "1"]
[SourceVersionDate "2009.11.03"]
[SourceQuality "1"]

1. e4 c5 2. Nf3 e6 3. d4 cxd4 4. Nxd4 a6 5. Bd3 Nf6 6. 0-0 d6 7. c4 b6 8. Nc3 Bb7 9. Be3 Nbd7 10. a3 Rc8 11. Rc1 Be7 12. Qe2 0-0 13. b4 Ne5 14. f4 Nxd3 15. Qxd3 Qc7 16. f5 Ng4 17. Nce2 d5 18. Bf4 dxe4 19. Qg3 e5 20. Qxg4 exf4 21. Nxf4 Bf6 22. Nde2 Qe5 23. Nh5 Rfd8 24. Nxf6+ Qxf6 25. Qf4 e3 26. Qxe3 Re8 27. Qf2 Re4 28. c5 bxc5 29. bxc5 Bc6 30. Ng3 Rg4 31. Rcd1 Qc3 32. f6 h5 33. Qf5 Re8 34. fxg7 Rxg7 35. Qxh5 Qe3+ 36. Kh1 Rh7 37. Qg4+ Rg7 38. Qxg7+ 1-0

[Event "IND-ch U17 20th"]
[Site "Chakradharpur"]
[Date "2009.10.08"]
[Round "2"]
[White "Rishi, Thariani"]
[Black "Bitan, Banerjee"]
[Result "1-0"]
[WhiteElo "2007"]
[BlackElo "2306"]
[PlyCount "79"]
[EventDate "2009.10.07"]
[EventType "swiss"]
[EventRounds "11"]
[EventCountry "IND"]
[SourceTitle "CBM 132 Extra"]
[Source "ChessBase"]
[SourceDate "2009.11.03"]
[SourceVersion "1"]
[SourceVersionDate "2009.11.03"]
[SourceQuality "1"]

1. e4 e6 2. d4 d5 3. Nd2 Nf6 4. e5 Nfd7 5. f4 c5 6. c3 Nc6 7. Ndf3 cxd4 8. cxd4 a5 9. Bd3 a4 10. Ne2 Nb6 11. h4 Nc4 12. Nc3 a3 13. Bxc4 dxc4 14. bxa3 Bxa3 15. 0-0 Be7 16. f5 0-0 17. f6 gxf6 18. Bh6 Re8 19. Qe1 Kh8 20. Ne4 f5 21. Neg5 Rf8 22. Qg3 Nxd4 23. Nxd4 Qxd4+ 24. Kh1 Ra3 25. Nf3 Qg4 26. Qxg4 fxg4 27. Bxf8 Bxf8 28. Ng5 f5 29. exf6 Bd7 30. Nf7+ Kg8 31. Ne5 Bb5 32. Rab1 Ba6 33. h5 c3 34. Rf4 Bh6 35. Rxg4+ Kf8 36. Rd1 Bd2 37. f7 Bh6 38. Rg8+ Ke7 39. Rd7+ Kf6 40. Ng4+ 1-0

[Event "Commonwealth-ch"]
[Site "Nagpur"]
[Date "2008.09.30"]
[Round "4"]
[White "Wettasinghe, SV."]
[Black "Rishi, Thariani"]
[Result "0-1"]
[WhiteElo "1765"]
[BlackElo "2021"]
[PlyCount "60"]
[EventDate "2008.09.28"]
[EventType "swiss"]
[EventRounds "11"]
[EventCountry "IND"]
[SourceTitle "CBM 126 Extra"]
[Source "ChessBase"]
[SourceDate "2008.11.05"]
[SourceVersion "1"]
[SourceVersionDate "2008.11.05"]
[SourceQuality "1"]

1. e4 e5 2. Nf3 Nc6 3. g3 Nf6 4. Nc3 Bc5 5. Bg2 d6 6. h3 0-0 7. 0-0 h6 8. d3 a6 9. Nh4 Nd4 10. Kh2 Nh7 11. Nd5 g5 12. c3 Nc6 13. Nf5 Bxf5 14. exf5 Nf6 15. h4 Nxd5 16. Bxd5 Ne7 17. Bxb7 Ra7 18. Bg2 f6 19. Bh3 d5 20. Qh5 Kg7 21. hxg5 hxg5 22. Qg4 Rh8 23. Bxg5 fxg5 24. Qxg5+ Kf7 25. f6 Ng6 26. Kg2 Qxf6 27. Qd2 Rha8 28. b4 Bb6 29. a4 Rg8 30. Rh1 Nf4+ 0-1

[Event "IND-ch U11 20th"]
[Site "Chennai"]
[Date "2006.11.06"]
[Round "4"]
[White "Rishi, Thariani"]
[Black "Chandrashish, Majumder"]
[Result "0-1"]
[WhiteElo "1847"]
[BlackElo "2000"]
[PlyCount "90"]
[EventDate "2006.11.04"]
[EventType "swiss"]
[EventRounds "11"]
[EventCountry "IND"]
[SourceTitle "EXT 2010"]
[Source "ChessBase"]
[SourceDate "2010.11.25"]
[SourceVersion "1"]
[SourceVersionDate "2010.11.25"]
[SourceQuality "1"]

1. e4 c5 2. Nf3 Nc6 3. d4 cxd4 4. Nxd4 Nf6 5. Nc3 e5 6. Ndb5 d6 7. Bg5 a6 8. Na3 b5 9. Bxf6 gxf6 10. Nd5 Bg7 11. c3 0-0 12. Nc2 f5 13. exf5 Bxf5 14. Nce3 Be6 15. Bd3 f5 16. 0-0 Ra7 17. Qh5 e4 18. Bc2 f4 19. Bxe4 Be5 20. Ng4 Rg7 21. f3 Qd7 22. h3 Qa7+ 23. Kh2 Kh8 24. Qh4 Na5 25. Qf2 Qf7 26. Nxe5 dxe5 27. Rad1 Rfg8 28. Rg1 Rg3 29. Rh1 Qg7 30. Rd2 Qh6 31. Qf1 Nc4 32. Re2 R8g7 33. b3 Qh4 34. Kg1 Bxd5 35. bxc4 Bxc4 36. Rh2 Qe7 37. Qf2 Bxe2 38. Qxe2 Qc5+ 39. Kh1 Qxc3 40. Qd1 Rd7 41. Qb1 Qd4 42. Bc2 Rc7 43. Bb3 Qe3 44. Bc2 Rxc2 45. Qb4 Rc1+ 0-1

[Event "Wch U10"]
[Site "Belfort"]
[Date "2005.07.19"]
[Round "1"]
[White "Rishi, Thariani"]
[Black "Lamard, Guillaume"]
[Result "1-0"]
[WhiteElo "1785"]
[BlackElo "1599"]
[PlyCount "35"]
[EventDate "2005.07.19"]
[EventType "swiss"]
[EventRounds "11"]
[EventCountry "FRA"]
[SourceTitle "CBM 107 Extra"]
[Source "ChessBase"]
[SourceDate "2005.09.01"]
[SourceVersion "1"]
[SourceVersionDate "2005.09.01"]
[SourceQuality "1"]

1. e4 c6 2. d4 d5 3. exd5 cxd5 4. c4 dxc4 5. Bxc4 Nc6 6. Nf3 Bg4 7. d5 Bxf3 8. Qxf3 Ne5 9. Bb5+ Nd7 10. 0-0 a6 11. Ba4 b5 12. Bb3 Qb6 13. d6 e6 14. Qxa8+ Nb8 15. d7+ Kd8 16. Be3 Qd6 17. Rd1 Qe5 18. Bb6+ 1-0